000
00306nam a22001337a 4500
999
_c
535369
_d
535369
020
_a
978-8187666530
040
_c
MSOHAIL
082
_a
891.4391
_b
HAS
100
_a
Hasrat Mohani
_9
29883
245
_a
Kulliyat - e - Hasrat Mohani
260
_b
Kitabi Duniya
_c
2012
300
_a
460;p
942
_2
ddc
_c
BK